| 000 | 01457nam a2200361 c 4500 | ||
|---|---|---|---|
| 003 | BLK | ||
| 005 | 20250701095011.0 | ||
| 008 | 180408b bul|||||r ||||||| ||bul|| | ||
| 010 | _aKNG00079996000 | ||
| 020 |
_a978-954-585-839-0 _bиздат.: Бард |
||
| 040 | _aBLK | ||
| 041 |
_aBUL _cBUL |
||
| 080 |
_aВътрешна политика. Вж и 329 _b323 _x(470)(0:82-94) _z323(470)(0:82-94) |
||
| 080 |
_aРуска литература _b821.161.1 _x-94 _z821.161.1-94 |
||
| 100 | 1 |
_aПолитковская, Анна Степановна _eпърви автор _9111408 |
|
| 700 | 1 |
_aБъчваров, Крум _eпрев. от англ. _9364186 |
|
| 139 |
_aПолитковская, Анна Степановна _bП 69 |
||
| 245 | 1 | 0 |
_aРуски дневник _cАнна Степановна Политковская; прев. от англ. Крум Бъчваров. |
| 257 | _aGBR | ||
| 260 |
_аСофия _bБард _c2007 |
||
| 300 |
_a448 с. _c20 см |
||
| 380 | _a3 | ||
| 500 | _aПрев. по A Russian Diary / Anna Politkovskaya. - Съдържа и Именник. | ||
| 650 | 4 |
_aРусия - вътрешна политика _9260411 |
|
| 651 | 4 |
_aРусия _9179465 |
|
| 653 | _aвътрешна политика | ||
| 852 | _aЦб 237455 | ||
| 856 | 4 |
_qpdf _u |
|
| 856 | 4 |
_qpdf _u |
|
| 942 |
_cKNG _n0 _012 |
||
| 944 |
_aCR _c10.12.2007 _k30531 _lЦветелина Шанова |
||
| 944 |
_aED _c06.02.2009 _k |
||
| 999 |
_c75577 _d75577 |
||